000 00350nam a2200145Ia 4500
008 230917s9999||||xx |||||||||||||| ||und||
040 _e49677
_aMAIN
041 _aEnglish
082 _a822.33 S15K
100 _aShakespeare
245 0 _aKing Richard ii
260 _aCambridge
_bCambridge University Press
_c1992
300 _a204 p.
942 _cBK
999 _c94152
_d94152